Bod zlomu o malých příčinách s velkými následky
Na minha lista:
| Autor principal: | |
|---|---|
| Outros Autores: | |
| Formato: | Livro |
| Idioma: | tcheco |
| Publicado em: |
Praha
Dokořán
2008
|
| Assuntos: | |
| Tags: |
Sem tags, seja o primeiro a adicionar uma tag!
|
MARC
| LEADER | 00000nam$a2200000$$$4500 | ||
|---|---|---|---|
| 001 | 0078069 | ||
| 005 | 20221207101016.4 | ||
| 020 | |a 978-80-7363-199-4 | ||
| 041 | 0 | |a cze | |
| 044 | |a CZ | ||
| 245 | 1 | 0 | |a Bod zlomu |b o malých příčinách s velkými následky |c Malcolm Gladwell ; přeložil: Martin Weiss |
| 264 | 1 | |a Praha |b Dokořán |c 2008 | |
| 300 | |a 254 s. | ||
| 610 | 2 | 0 | |a spoločnosť |
| 610 | 2 | 0 | |a vývoj spoločenský |
| 610 | 2 | 0 | |a situácia sociálna |
| 610 | 2 | 0 | |a úroveň životná |
| 610 | 2 | 0 | |a kriminalita |
| 610 | 2 | 0 | |a štýl životný |
| 610 | 2 | 0 | |a civilizácia |
| 610 | 2 | 0 | |a výskum sociologický |
| 610 | 2 | 0 | |a výskum psychologický |
| 610 | 2 | 0 | |a Amerika |
| 100 | 1 | |a Gladwell, Malcolm | |
| 700 | 1 | |a Weiss, Martin | |